| 000 | nam a22 4500 | ||
|---|---|---|---|
| 999 |
_c30035 _d30035 |
||
| 008 | 190128b xxu||||| |||| 00| 0 eng d | ||
| 020 | _a9789812443717 | ||
| 020 | _a9812443711 | ||
| 040 | _aMksu | ||
| 050 | _aG128 .B86 2015 | ||
| 100 | _aBunnett, R. B. | ||
| 245 |
_aGeneral geography in diagrams/ _cR B Bunnett |
||
| 250 | _a3rd ed. | ||
| 260 |
_aFirst Lok Yang Road : _bLongman, _c2003. |
||
| 300 |
_axiii, 378 p. : _b ill., maps, portraits ; _c 24 cm |
||
| 500 | _aInclude index | ||
| 650 |
_aGeography _xTextbook |
||
| 942 |
_2lcc _cBOOKS _hG128 .B86 2015 _02 |
||